• 首页
  • 本馆介绍
  • 公告通知
  • 最新文献
  • 馆藏检索
  • 电子资源
  • 读者导购
  • 参考咨询
  • 我的图书馆
  • 登录
  • 详细信息显示
  • 放入我的书架
  • 预约/预借图书
  • 作者相关作品
  • 分类相关作品
  • 丛书相关作品
  • 出版社相关作品

书目信息

  • 表格格式
  • 工作单格式
  • 卡片格式
题名:
二战中的王牌间谍
    
 
作者: 李乡状 编著
分册:  
出版信息: 北京   团结出版社  2014
页数: 232页
开本: 24cm
丛书名: 二战浪漫曲
单 册:
中图分类: D526 , K152
科图分类:
主题词: 第二次世界大战--di er ci shi jie da zhan--间谍--情报活动--史料
电子资源:
ISBN: 978-7-5126-2344-6
000 01167nam0 22002771 450
001 0122100830
005 20170322100830.0
010    @a978-7-5126-2344-6@dCNY29.00
100    @a20140228d2014 em y0chiy50 ea
101 0  @achi
102    @aCN@b110000
105    @aa z 000yd
106    @ar
200 1  @a二战中的王牌间谍@9er zhan zhong de wang pai jian die@dIn world war Ⅱ spymaster@f李乡状编著@zeng
210    @a北京@c团结出版社@d2014
215    @a232页@c图@d24cm
225 2  @a二战浪漫曲@9er zhan lang man qu
330    @a本书通过对一些王牌间谍们经历的描述,再现了二战中波谲云诡的暗战之争。这里有被称为中央情报局的“开山始祖”的艾尔弗莱德·夏普;有二战结束后几十年才被人从一张老照片中识破身份的奥古斯丁·普热乌奇尔;有被公认为第二次世界大战的头号间谍的弗里茨·科尔贝;有绰号叫作“花花公子双重谍”,对女人有惊人吸引力的雅科夫·米契科夫……
461  0 @12001 @a二战浪漫曲
510 1  @aIn world war Ⅱ spymaster@zeng
606 0  @a第二次世界大战@9di er ci shi jie da zhan@x间谍@x情报活动@j史料
690    @aD526@v5
690    @aK152@v5
701  0 @a李乡状@9li xiang zhuang@4编著
801  0 @aCN@bTANGWEI@c20170308
905    @b0960054-7@dD526@e209@f4
    
    二战中的王牌间谍=In world war Ⅱ spymaster/李乡状编著.-北京:团结出版社,2014
    232页:图;24cm.-(二战浪漫曲)
    
    
    ISBN 978-7-5126-2344-6:CNY29.00
    本书通过对一些王牌间谍们经历的描述,再现了二战中波谲云诡的暗战之争。这里有被称为中央情报局的“开山始祖”的艾尔弗莱德·夏普;有二战结束后几十年才被人从一张老照片中识破身份的奥古斯丁·普热乌奇尔;有被公认为第二次世界大战的头号间谍的弗里茨·科尔贝;有绰号叫作“花花公子双重谍”,对女人有惊人吸引力的雅科夫·米契科夫……
●
相关链接 在E读中查询图书 在五车中查询图书 在当当中查询图书 在豆瓣中查询图书


正题名:二战中的王牌间谍     索取号:D526/209         预约/预借

序号 登录号 条形码 馆藏地/架位号 状态 备注
1 0960054   209600546   第一样本阅览室/ [索取号:D526/209] 在馆    
2 0960055   209600555   第一借阅区/ [索取号:D526/209] 在馆    
3 0960056   209600564   第一借阅区/ [索取号:D526/209] 在馆    
4 0960057   209600573   第一借阅区/ [索取号:D526/209] 在馆    
唐山师范学院图书馆 欢迎您!
大连网信软件有限公司© 版权所有